Score 0/16 Timer 03:00
0 Plays Today
Scrambled Center 6-Letter Word % Correct
ARGOdragon
82.2%
RAINdaring
78.3%
CERNdrench
77.4%
PULEduplex
76.5%
FARTdrafty
75.5%
RAHMdharma
70.9%
WEARdrawer
67.3%
SUREduress
66.7%
Scrambled Center 6-Letter Word % Correct
ACEDdecade
66%
BEARdebark
62.7%
CATYdactyl
61.5%
MAREdreamt
56.1%
AIDEdiadem
48.4%
REINdinero
46.1%
GANOdognap
39.7%
TAROdotard
25.7%
Remove Ads.
Support Sporcle.
Get the best of Sporcle when you Go Orange. This ad-free experience offers more features, more stats, and more fun while also helping to support Sporcle. Thank you for becoming a member.

You're not logged in!

Compare scores with friends on all Sporcle quizzes.
OR
Log In

Show Comments

Extras

Top Quizzes Today


Score Distribution

Your Account Isn't Verified!

In order to create a playlist on Sporcle, you need to verify the email address you used during registration. Go to your Sporcle Settings to finish the process.

Report this User

Report this user for behavior that violates our Community Guidelines.

Details: